| 000 | 00671nac a22001931u 4500 | ||
|---|---|---|---|
| 008 | 100915s1999 nju|||||r|||| 00| 0 eng d | ||
| 010 | _a 98013424 | ||
| 020 | _a0136794084 | ||
| 082 | 0 | 0 |
_a629.89 _bWEB _222 |
| 100 |
_aWebb, John W. _919301 |
||
| 245 | 1 | 0 |
_aProgrammable Logic Controllers : _bPrinciples and Applications / _cJohn W. Webb, Ronald A. Reis. |
| 250 | _a4th ed. | ||
| 260 |
_aUpper Saddle River, N.J. : _bPrentice Hall, _c1999. |
||
| 300 |
_axv, 443 p. : _bill. ; _c24 cm. |
||
| 504 | _aIncludes bibliography p.435-438 and index | ||
| 650 | 0 |
_aProgrammable controllers. _919302 |
|
| 700 | 1 |
_aReis, Ronald A. _919303 |
|
| 942 |
_cBB _k629.89WEB _2ddc |
||
| 999 |
_c423 _d423 |
||